South American Cities-Sudden Death - Statistics

General Stats
  • This quiz has been taken 24 times
  • The average score is 8 of 13
Answers on the Grid
Answers color-coded by a green-red scale on the quiz's grid according to % correct below.
Caracas
Panama City
French Guiana
Georgetown
Mato Grosso
Amazonas
Manaus
Rio De Janeiro
Rivera
Rio De Plata
Sao Paulo
Columbus
Buenos Aires
Guatemala City
Oxaca
Yucatan
La Paz
Santo Domingo
Montevideo
Santiago
Monte Cristo
Lima
Kingston
Quito
Paris
Brasilia
Falkland Islands
Bogota
Belize City
Austin
 
Answer Stats
Answer % Correct
Caracas
88%
Georgetown
69%
Brasilia
63%
Buenos Aires
63%
La Paz
63%
Lima
63%
Rio De Janeiro
63%
Sao Paulo
63%
Bogota
56%
Montevideo
56%
Quito
56%
Manaus
50%
Santiago
44%
No matching quizzes found
Score Distribution
Percent of People with Each Score
Percentile by Number Answered
Your Score History
You have not taken this quiz